| 000 | 00600nam a2200205Ia 4500 | ||
|---|---|---|---|
| 003 | OSt | ||
| 005 | 20230626104642.0 | ||
| 008 | 210423s9999 xx 000 0 und d | ||
| 020 | _a9788131604717 | ||
| 040 | _cAL | ||
| 041 | _aeng | ||
| 082 |
_a809.954 _223 _b SAHA |
||
| 100 |
_aSAHOO (Ajaya Kumar);KADEKAR (Laxmi Narayan) _994046 |
||
| 245 | _aGlobal Indian diaspora: history culture and identity | ||
| 260 |
_bRawat Publications _aNew Delhi _c2013 |
||
| 300 |
_aviii,232 _bPB |
||
| 365 |
_b595 _cINR |
||
| 906 | _aculture ; diaspora: ; Global ; history ; identity ; Indian | ||
| 942 |
_2ddc _cBK |
||
| 999 |
_c161214 _d161214 |
||